NFL Starting Quarterbacks 2024 - Statistics

General Stats
  • This quiz has been taken 44 times
  • The average score is 27 of 32
Answer Stats
Hint Answer % Correct
Buccaneers Baker Mayfield
100%
49ers Brock Purdy
100%
Bengals Joe Burrow
100%
Bills Josh Allen
100%
Chiefs Patrick Mahomes
100%
Dolphins Tua Tagovailoa
100%
Broncos Bo Nix
97%
Cowboys Dak Prescott
97%
Commanders Jayden Daniels
97%
Chargers Justin Herbert
97%
Falcons Kirk Cousins
97%
Cardinals Kyler Murray
97%
Colts Anthony Richardson
94%
Bears Caleb Williams
94%
Giants Daniel Jones
94%
Eagles Jalen Hurts
94%
Packers Jordan Love
94%
Jaguars Trevor Lawrence
94%
Texans C.J Stroud
91%
Browns Deshaun Watson
91%
Ravens Lamar Jackson
89%
Panthers Bryce Young
86%
Lions Jared Goff
86%
Vikings Sam Darnold
86%
Saints Derek Carr
83%
Raiders Gardner Minshew
83%
Steelers Russell Wilson
83%
Titans Will Levis
80%
Patriots Jacoby Brissett
77%
Jets Aaron Rogers
20%
Rams Mathew Stafford
17%
Seahawks Gino Smith
0%
No matching quizzes found
Score Distribution
Percent of People with Each Score
Percentile by Number Answered
Your Score History
You have not taken this quiz